000 00283nam a22001217a 4500
008 180316b xxu||||| |||| 00| 0 eng d
041 _aeng
080 _27 ed
_a37
100 _a25
101 _aedu
245 _acollege handbook of composition
_cbracher.e
942 _2udc
_cBK
999 _c45236
_d45236